LEADER 01072nam2 22003013i 450 001 RAV0056113 005 20231121125627.0 100 $a20181108d1973 ||||0itac50 ba 101 | $aita 102 $ait 181 1$6z01$ai $bxxxe 182 1$6z01$an 200 0 $a2$fJean Laplanche, J.-B. Pontalis 210 $aRoma$aBari$cLaterza$d1973 215 $aP. 321-641$d18 cm. 225 | $aUniversale Laterza$v260 410 0$1001CFI0000008$12001 $aUniversale Laterza$v260 461 1$1001RAV0056110$12001 $aEnciclopedia della psicanalisi$fJean Laplanche, J.-B. Pontalis$v2 606 $aPsicanalisi$xEnciclopedie e dizionari$2FIR$3RMLC000012$9I 700 1$aLaplanche$b, Jean$3CFIV079563$0160143 801 3$aIT$bIT-01$c20181108 850 $aIT-FR0017 899 $aBiblioteca umanistica Giorgio Aprea$bFR0017 $eN 912 $aRAV0056113 950 2$aBiblioteca umanistica Giorgio Aprea$d 52MAG 1/477.2$e 52MAG0000044955 VMB RS $fA $h20181108$i20181108 977 $a 52 996 $a2$93615258 997 $aUNICAS LEADER 01023nam0 22002891i 450 001 RML0264171 005 20231121125721.0 010 $a007Y851506 100 $a20121121d1986 ||||0itac50 ba 101 | $aeng 102 $asi 181 1$6z01$ai $bxxxe 182 1$6z01$an 200 1 $aFeedback control system analysis & synthesis$fJohn J. D'azzo, Constantine H. Houpis 205 $a2.ed 210 $aSingapore $cMcGraw-Hill $d1986 215 $axx, 824 p.$d21 cm 700 1$aD'Azzo$b, John J.$3RMLV169429$02527 701 1$aHoupis$b, Constantine H.$3RMLV169428$02528 801 3$aIT$bIT-01$c20121121 850 $aIT-FR0099 899 $aBiblioteca Area Ingegneristica$bFR0099 912 $aRML0264171 950 0$aBiblioteca Area Ingegneristica$d 54INGFA 629.8 DAZ/2$e 54VM 0000344095 VM barcode:BAIN003679. - Inventario:363VM$fA $h20030718$i20121204 977 $a 54 996 $aFeedback control system analysis & synthesis$93624298 997 $aUNICAS